Mexican Food - Sudden Death - Statistics

General Stats
  • This quiz has been taken 463 times
  • The average score is 5 of 16
Answers on the Grid
Answers color-coded by a green-red scale on the quiz's grid according to % correct below.
Enchiladas
Menudo
Oaxaca cheese
Chilaquiles
Fabada
Sopa de pata
Gachas
Japanese-style peanuts
Taco al pastor
Escamoles
Rajas con crema
Pachamanca
Fish amok
Ossobuco
Quesadilla
Manchamanteles
Tlayuda
Corunda
Pizza
Salbutes
Choripán
Aztec cake
Pastel de choclo
Cochinita pibil
Guacamole
Yorkshire pudding
Hamburger
Boliche
 
Answer Stats
Answer % Correct
Quesadilla
76%
Guacamole
73%
Enchiladas
72%
Taco al pastor
58%
Chilaquiles
55%
Oaxaca cheese
43%
Menudo
38%
Rajas con crema
29%
Escamoles
28%
Aztec cake
23%
Cochinita pibil
17%
Manchamanteles
11%
Tlayuda
11%
Japanese-style peanuts
6%
Corunda
4%
Salbutes
3%
No matching quizzes found
Score Distribution
Percent of People with Each Score
Percentile by Number Answered
Your Score History
You have not taken this quiz